000 01002nam a2200277 i 4500
003 EG-ScBUE
005 20231029114718.0
008 111103s2000 ua o f 000 1 aara d
017 _a99 / 15045
020 _a9770905739
040 _aEG-ScBUE
_bara
_erda
_cEG-ScBUE
_dEG-ScBUE
043 _af-ua---
082 0 4 _222
_a923.62
_bع ك ا
100 1 _98172
_aعكاشة، ثروت،
_d1921-2012‏،
_eمؤلف.
245 1 0 _aمذكراتي في السياسة والثقافة /
_cثروت عكاشة.
250 _aالطبعة الثالثة،
_bمزيدة.
264 1 _aالقاهرة :
_bدار الشروق،
_c2000.
300 _a1089 صفحة :
_bصور ؛
_c24 سم
336 _2rdacontent
_aنص
_btxt
337 _2rdamedia
_aبدون وسيط
_bn
338 _2rdacarrier
_aمجلد
_bnc
600 1 7 _2BUEsh
_aعكاشة، ثروت،
_d1921-2012‏
_xيوميات.
650 7 _913310
_aالسياسيون المصريون
_vتراجم.
_2BUEsh
655 _vReading book
942 _2ddc
_cBB
999 _c16192
_d16192